000 00596nam a2200193Ia 4500
005 20260114185745.0
008 008 260114s9999 xx 000 0 eng d
020 _a9781501359354
037 _aEBOOK
040 _aCRL
_beng
_cCRL
041 _aeng
_2eng
084 _qCRL
100 _aMegan Carrigy
_9874026
245 4 _aThe Reenactment in Contemporary Screen Culture Performance, Mediation, Repetition
260 _bBloomsbury
_c2021
856 _uhttps://doi.org/10.5040/9781501359354?locatt=label:secondary_bloomsburyCollections
942 _cEBOOK
999 _c1472962
_d1472962